<?xml version="1.0" encoding="UTF-8"?>
<record
    xmlns:xsi="http://www.w3.org/2001/XMLSchema-instance"
    xsi:schemaLocation="http://www.loc.gov/MARC21/slim http://www.loc.gov/standards/marcxml/schema/MARC21slim.xsd"
    xmlns="http://www.loc.gov/MARC21/slim">

  <leader>01210nam a22003017a 4500</leader>
  <controlfield tag="005">20170713105038.0</controlfield>
  <datafield tag="010" ind1=" " ind2=" ">
    <subfield code="a">1516EN07    ENG-114953</subfield>
  </datafield>
  <datafield tag="020" ind1=" " ind2=" ">
    <subfield code="a">9789332549906</subfield>
    <subfield code="c">525.00</subfield>
  </datafield>
  <datafield tag="020" ind1=" " ind2=" ">
    <subfield code="a">9789332549906</subfield>
    <subfield code="c">639.00  (AV)</subfield>
  </datafield>
  <datafield tag="035" ind1=" " ind2=" ">
    <subfield code="a">B-613588-610</subfield>
  </datafield>
  <datafield tag="035" ind1=" " ind2=" ">
    <subfield code="a">EN-98485</subfield>
  </datafield>
  <datafield tag="037" ind1=" " ind2=" ">
    <subfield code="a">DPL</subfield>
    <subfield code="b">Techniz/Ven</subfield>
  </datafield>
  <datafield tag="037" ind1=" " ind2=" ">
    <subfield code="b">DBAD/PUB</subfield>
  </datafield>
  <datafield tag="082" ind1=" " ind2=" ">
    <subfield code="a">620.112</subfield>
  </datafield>
  <datafield tag="100" ind1=" " ind2=" ">
    <subfield code="a">Shames, Irving H.</subfield>
  </datafield>
  <datafield tag="245" ind1=" " ind2=" ">
    <subfield code="a">Introduction to solid mechanics /</subfield>
    <subfield code="c">by Irving H.Shames [and] James M.Pitarresi</subfield>
  </datafield>
  <datafield tag="250" ind1=" " ind2=" ">
    <subfield code="a">3rd ed</subfield>
  </datafield>
  <datafield tag="260" ind1=" " ind2=" ">
    <subfield code="a">Noida</subfield>
    <subfield code="b">Pearson Education</subfield>
    <subfield code="c">2015</subfield>
  </datafield>
  <datafield tag="270" ind1=" " ind2=" ">
    <subfield code="a">7th Floor,Knowledge Boulevard,A-8(A) Sector-62,</subfield>
    <subfield code="b">Noida</subfield>
    <subfield code="e">201309</subfield>
  </datafield>
  <datafield tag="300" ind1=" " ind2=" ">
    <subfield code="a">xvi,769p. :                    </subfield>
    <subfield code="c">25cm(pbk)</subfield>
    <subfield code="b">ill.</subfield>
  </datafield>
  <datafield tag="500" ind1=" " ind2=" ">
    <subfield code="a">Inludes index</subfield>
  </datafield>
  <datafield tag="650" ind1=" " ind2=" ">
    <subfield code="a">Strength of materials.</subfield>
  </datafield>
  <datafield tag="650" ind1=" " ind2=" ">
    <subfield code="a">Solids.</subfield>
  </datafield>
  <datafield tag="700" ind1=" " ind2=" ">
    <subfield code="a">Pitarresi,James M.</subfield>
  </datafield>
  <datafield tag="942" ind1=" " ind2=" ">
    <subfield code="2">ddc</subfield>
    <subfield code="c">EN</subfield>
    <subfield code="h">620.112</subfield>
    <subfield code="m">SHA</subfield>
  </datafield>
  <datafield tag="999" ind1=" " ind2=" ">
    <subfield code="c">95938</subfield>
    <subfield code="d">95938</subfield>
  </datafield>
  <datafield tag="952" ind1=" " ind2=" ">
    <subfield code="0">0</subfield>
    <subfield code="1">0</subfield>
    <subfield code="4">0</subfield>
    <subfield code="7">0</subfield>
    <subfield code="8">NFIC</subfield>
    <subfield code="a">L</subfield>
    <subfield code="b">L</subfield>
    <subfield code="d">2016-02-10</subfield>
    <subfield code="e">TZ-15261-D/24.9.2015/144/16.9.2015/4.11.2015</subfield>
    <subfield code="g">525.00</subfield>
    <subfield code="l">10</subfield>
    <subfield code="m">6</subfield>
    <subfield code="o">620.112 SHA</subfield>
    <subfield code="p">B-613588</subfield>
    <subfield code="r">2024-07-16 00:00:00</subfield>
    <subfield code="s">2024-07-11</subfield>
    <subfield code="t">1</subfield>
    <subfield code="v">525.00</subfield>
    <subfield code="y">EN</subfield>
  </datafield>
  <datafield tag="952" ind1=" " ind2=" ">
    <subfield code="0">0</subfield>
    <subfield code="1">0</subfield>
    <subfield code="4">0</subfield>
    <subfield code="7">1</subfield>
    <subfield code="8">REF</subfield>
    <subfield code="a">L</subfield>
    <subfield code="b">L</subfield>
    <subfield code="d">2016-02-10</subfield>
    <subfield code="e">TZ-15261-D/24.9.2015/144/16.9.2015/4.11.2015</subfield>
    <subfield code="g">525.00</subfield>
    <subfield code="l">0</subfield>
    <subfield code="o">620.112 SHA</subfield>
    <subfield code="p">B-613589</subfield>
    <subfield code="r">2016-02-10 00:00:00</subfield>
    <subfield code="t">1</subfield>
    <subfield code="v">525.00</subfield>
    <subfield code="y">EN</subfield>
  </datafield>
  <datafield tag="952" ind1=" " ind2=" ">
    <subfield code="0">0</subfield>
    <subfield code="1">0</subfield>
    <subfield code="4">0</subfield>
    <subfield code="7">0</subfield>
    <subfield code="8">NFIC</subfield>
    <subfield code="a">NPL</subfield>
    <subfield code="b">NPL</subfield>
    <subfield code="d">2016-02-10</subfield>
    <subfield code="e">TZ-15261-D/24.9.2015/144/16.9.2015/4.11.2015</subfield>
    <subfield code="g">525.00</subfield>
    <subfield code="l">0</subfield>
    <subfield code="o">620.112 SHA</subfield>
    <subfield code="p">B-613590</subfield>
    <subfield code="r">2016-02-10 00:00:00</subfield>
    <subfield code="t">1</subfield>
    <subfield code="v">525.00</subfield>
    <subfield code="y">EN</subfield>
  </datafield>
  <datafield tag="952" ind1=" " ind2=" ">
    <subfield code="0">0</subfield>
    <subfield code="1">0</subfield>
    <subfield code="4">0</subfield>
    <subfield code="7">0</subfield>
    <subfield code="8">NFIC</subfield>
    <subfield code="a">BL1</subfield>
    <subfield code="b">BL1</subfield>
    <subfield code="d">2016-02-10</subfield>
    <subfield code="e">TZ-15261-D/24.9.2015/144/16.9.2015/4.11.2015</subfield>
    <subfield code="g">525.00</subfield>
    <subfield code="l">6</subfield>
    <subfield code="m">4</subfield>
    <subfield code="o">620.112 SHA</subfield>
    <subfield code="p">B-613591</subfield>
    <subfield code="r">2021-03-30 00:00:00</subfield>
    <subfield code="s">2021-02-09</subfield>
    <subfield code="t">1</subfield>
    <subfield code="v">525.00</subfield>
    <subfield code="y">EN</subfield>
  </datafield>
  <datafield tag="952" ind1=" " ind2=" ">
    <subfield code="0">0</subfield>
    <subfield code="1">0</subfield>
    <subfield code="4">0</subfield>
    <subfield code="7">0</subfield>
    <subfield code="8">NFIC</subfield>
    <subfield code="a">KGM</subfield>
    <subfield code="b">KGM</subfield>
    <subfield code="d">2016-02-10</subfield>
    <subfield code="e">TZ-15261-D/24.9.2015/144/16.9.2015/4.11.2015</subfield>
    <subfield code="g">525.00</subfield>
    <subfield code="l">1</subfield>
    <subfield code="m">1</subfield>
    <subfield code="o">620.112 SHA</subfield>
    <subfield code="p">B-613592</subfield>
    <subfield code="r">2019-01-22 00:00:00</subfield>
    <subfield code="s">2018-12-24</subfield>
    <subfield code="t">1</subfield>
    <subfield code="v">525.00</subfield>
    <subfield code="y">EN</subfield>
  </datafield>
  <datafield tag="952" ind1=" " ind2=" ">
    <subfield code="0">0</subfield>
    <subfield code="1">0</subfield>
    <subfield code="4">0</subfield>
    <subfield code="7">0</subfield>
    <subfield code="8">NFIC</subfield>
    <subfield code="a">DIZ</subfield>
    <subfield code="b">DIZ</subfield>
    <subfield code="d">2016-02-10</subfield>
    <subfield code="e">TZ-15261-D/24.9.2015/144/16.9.2015/4.11.2015</subfield>
    <subfield code="g">525.00</subfield>
    <subfield code="l">3</subfield>
    <subfield code="o">620.112 SHA</subfield>
    <subfield code="p">B-613593</subfield>
    <subfield code="r">2020-10-19 00:00:00</subfield>
    <subfield code="s">2020-10-16</subfield>
    <subfield code="t">1</subfield>
    <subfield code="v">525.00</subfield>
    <subfield code="y">EN</subfield>
  </datafield>
  <datafield tag="952" ind1=" " ind2=" ">
    <subfield code="0">0</subfield>
    <subfield code="1">0</subfield>
    <subfield code="4">0</subfield>
    <subfield code="7">0</subfield>
    <subfield code="8">NFIC</subfield>
    <subfield code="a">JP</subfield>
    <subfield code="b">JP</subfield>
    <subfield code="d">2016-02-10</subfield>
    <subfield code="e">TZ-15261-D/24.9.2015/144/16.9.2015/4.11.2015</subfield>
    <subfield code="g">525.00</subfield>
    <subfield code="l">7</subfield>
    <subfield code="m">2</subfield>
    <subfield code="o">620.112 SHA</subfield>
    <subfield code="p">B-613594</subfield>
    <subfield code="r">2022-01-10 00:00:00</subfield>
    <subfield code="s">2021-12-27</subfield>
    <subfield code="t">1</subfield>
    <subfield code="v">525.00</subfield>
    <subfield code="y">EN</subfield>
  </datafield>
  <datafield tag="952" ind1=" " ind2=" ">
    <subfield code="0">0</subfield>
    <subfield code="1">0</subfield>
    <subfield code="4">0</subfield>
    <subfield code="7">0</subfield>
    <subfield code="8">NFIC</subfield>
    <subfield code="a">ZLS</subfield>
    <subfield code="b">ZLS</subfield>
    <subfield code="d">2016-02-10</subfield>
    <subfield code="e">TZ-15261-D/24.9.2015/144/16.9.2015/4.11.2015</subfield>
    <subfield code="g">525.00</subfield>
    <subfield code="l">0</subfield>
    <subfield code="o">620.112 SHA</subfield>
    <subfield code="p">B-613595</subfield>
    <subfield code="r">2016-02-10 00:00:00</subfield>
    <subfield code="t">1</subfield>
    <subfield code="v">525.00</subfield>
    <subfield code="y">EN</subfield>
  </datafield>
  <datafield tag="952" ind1=" " ind2=" ">
    <subfield code="0">0</subfield>
    <subfield code="1">0</subfield>
    <subfield code="4">0</subfield>
    <subfield code="7">0</subfield>
    <subfield code="8">NFIC</subfield>
    <subfield code="a">RKP</subfield>
    <subfield code="b">RKP</subfield>
    <subfield code="d">2016-02-10</subfield>
    <subfield code="e">TZ-15261-D/24.9.2015/144/16.9.2015/4.11.2015</subfield>
    <subfield code="g">525.00</subfield>
    <subfield code="l">0</subfield>
    <subfield code="o">620.112 SHA</subfield>
    <subfield code="p">B-613596</subfield>
    <subfield code="r">2016-02-10 00:00:00</subfield>
    <subfield code="t">1</subfield>
    <subfield code="v">525.00</subfield>
    <subfield code="y">EN</subfield>
  </datafield>
  <datafield tag="952" ind1=" " ind2=" ">
    <subfield code="0">0</subfield>
    <subfield code="1">0</subfield>
    <subfield code="4">0</subfield>
    <subfield code="7">0</subfield>
    <subfield code="8">NFIC</subfield>
    <subfield code="a">AG</subfield>
    <subfield code="b">AG</subfield>
    <subfield code="d">2016-02-10</subfield>
    <subfield code="e">TZ-15261-D/24.9.2015/144/16.9.2015/4.11.2015</subfield>
    <subfield code="g">525.00</subfield>
    <subfield code="l">1</subfield>
    <subfield code="o">620.112 SHA</subfield>
    <subfield code="p">B-613597</subfield>
    <subfield code="r">2022-11-23 00:00:00</subfield>
    <subfield code="s">2022-11-09</subfield>
    <subfield code="t">1</subfield>
    <subfield code="v">525.00</subfield>
    <subfield code="y">EN</subfield>
  </datafield>
  <datafield tag="952" ind1=" " ind2=" ">
    <subfield code="0">0</subfield>
    <subfield code="1">0</subfield>
    <subfield code="4">0</subfield>
    <subfield code="7">0</subfield>
    <subfield code="8">NFIC</subfield>
    <subfield code="a">SP</subfield>
    <subfield code="b">SP</subfield>
    <subfield code="d">2016-02-10</subfield>
    <subfield code="e">TZ-15261-D/24.9.2015/144/16.9.2015/4.11.2015</subfield>
    <subfield code="g">525.00</subfield>
    <subfield code="l">0</subfield>
    <subfield code="o">620.112 SHA</subfield>
    <subfield code="p">B-613598</subfield>
    <subfield code="r">2016-02-10 00:00:00</subfield>
    <subfield code="t">1</subfield>
    <subfield code="v">525.00</subfield>
    <subfield code="y">EN</subfield>
  </datafield>
  <datafield tag="952" ind1=" " ind2=" ">
    <subfield code="0">0</subfield>
    <subfield code="1">0</subfield>
    <subfield code="4">0</subfield>
    <subfield code="7">0</subfield>
    <subfield code="8">NFIC</subfield>
    <subfield code="a">QRP</subfield>
    <subfield code="b">QRP</subfield>
    <subfield code="d">2016-02-10</subfield>
    <subfield code="e">TZ-15261-D/24.9.2015/144/16.9.2015/4.11.2015</subfield>
    <subfield code="g">525.00</subfield>
    <subfield code="l">0</subfield>
    <subfield code="o">620.112 SHA</subfield>
    <subfield code="p">B-613599</subfield>
    <subfield code="r">2016-02-10 00:00:00</subfield>
    <subfield code="t">1</subfield>
    <subfield code="v">525.00</subfield>
    <subfield code="y">EN</subfield>
  </datafield>
  <datafield tag="952" ind1=" " ind2=" ">
    <subfield code="0">0</subfield>
    <subfield code="1">0</subfield>
    <subfield code="4">0</subfield>
    <subfield code="7">0</subfield>
    <subfield code="8">NFIC</subfield>
    <subfield code="a">VP</subfield>
    <subfield code="b">VP</subfield>
    <subfield code="d">2016-02-10</subfield>
    <subfield code="e">TZ-15261-D/24.9.2015/144/16.9.2015/4.11.2015</subfield>
    <subfield code="g">525.00</subfield>
    <subfield code="l">2</subfield>
    <subfield code="o">620.112 SHA</subfield>
    <subfield code="p">B-613600</subfield>
    <subfield code="r">2021-02-25 00:00:00</subfield>
    <subfield code="s">2021-02-12</subfield>
    <subfield code="t">1</subfield>
    <subfield code="v">525.00</subfield>
    <subfield code="y">EN</subfield>
  </datafield>
  <datafield tag="952" ind1=" " ind2=" ">
    <subfield code="0">0</subfield>
    <subfield code="1">0</subfield>
    <subfield code="4">0</subfield>
    <subfield code="7">0</subfield>
    <subfield code="8">NFIC</subfield>
    <subfield code="a">BN</subfield>
    <subfield code="b">BN</subfield>
    <subfield code="d">2016-02-10</subfield>
    <subfield code="e">TZ-15261-D/24.9.2015/144/16.9.2015/4.11.2015</subfield>
    <subfield code="g">525.00</subfield>
    <subfield code="l">1</subfield>
    <subfield code="o">620.112 SHA</subfield>
    <subfield code="p">B-613601</subfield>
    <subfield code="r">2019-01-30 00:00:00</subfield>
    <subfield code="s">2019-01-12</subfield>
    <subfield code="t">1</subfield>
    <subfield code="v">525.00</subfield>
    <subfield code="y">EN</subfield>
  </datafield>
  <datafield tag="952" ind1=" " ind2=" ">
    <subfield code="0">0</subfield>
    <subfield code="1">0</subfield>
    <subfield code="4">0</subfield>
    <subfield code="7">0</subfield>
    <subfield code="8">NFIC</subfield>
    <subfield code="a">NR</subfield>
    <subfield code="b">NR</subfield>
    <subfield code="d">2016-02-10</subfield>
    <subfield code="e">TZ-15261-D/24.9.2015/144/16.9.2015/4.11.2015</subfield>
    <subfield code="g">525.00</subfield>
    <subfield code="l">0</subfield>
    <subfield code="o">620.112 SHA</subfield>
    <subfield code="p">B-613602</subfield>
    <subfield code="r">2016-02-10 00:00:00</subfield>
    <subfield code="t">1</subfield>
    <subfield code="v">525.00</subfield>
    <subfield code="y">EN</subfield>
  </datafield>
  <datafield tag="952" ind1=" " ind2=" ">
    <subfield code="0">0</subfield>
    <subfield code="1">0</subfield>
    <subfield code="4">0</subfield>
    <subfield code="7">0</subfield>
    <subfield code="8">NFIC</subfield>
    <subfield code="a">DIZ</subfield>
    <subfield code="b">DIZ</subfield>
    <subfield code="d">2016-02-10</subfield>
    <subfield code="e">TZ-15261-D/24.9.2015/144/16.9.2015/4.11.2015</subfield>
    <subfield code="g">525.00</subfield>
    <subfield code="l">1</subfield>
    <subfield code="m">1</subfield>
    <subfield code="o">620.112 SHA</subfield>
    <subfield code="p">B-613603</subfield>
    <subfield code="r">2020-01-29 00:00:00</subfield>
    <subfield code="s">2019-12-24</subfield>
    <subfield code="t">1</subfield>
    <subfield code="v">525.00</subfield>
    <subfield code="y">EN</subfield>
  </datafield>
  <datafield tag="952" ind1=" " ind2=" ">
    <subfield code="0">0</subfield>
    <subfield code="1">0</subfield>
    <subfield code="4">0</subfield>
    <subfield code="7">0</subfield>
    <subfield code="8">NFIC</subfield>
    <subfield code="a">BL4</subfield>
    <subfield code="b">BL4</subfield>
    <subfield code="d">2016-02-10</subfield>
    <subfield code="e">TZ-15261-D/24.9.2015/144/16.9.2015/4.11.2015</subfield>
    <subfield code="g">525.00</subfield>
    <subfield code="l">3</subfield>
    <subfield code="o">620.112 SHA</subfield>
    <subfield code="p">B-613604</subfield>
    <subfield code="r">2022-09-26 00:00:00</subfield>
    <subfield code="s">2022-09-15</subfield>
    <subfield code="t">1</subfield>
    <subfield code="v">525.00</subfield>
    <subfield code="y">EN</subfield>
  </datafield>
  <datafield tag="952" ind1=" " ind2=" ">
    <subfield code="0">0</subfield>
    <subfield code="1">0</subfield>
    <subfield code="4">0</subfield>
    <subfield code="7">0</subfield>
    <subfield code="8">NFIC</subfield>
    <subfield code="a">YV</subfield>
    <subfield code="b">YV</subfield>
    <subfield code="d">2016-02-10</subfield>
    <subfield code="e">TZ-15261-D/24.9.2015/144/16.9.2015/4.11.2015</subfield>
    <subfield code="g">525.00</subfield>
    <subfield code="l">0</subfield>
    <subfield code="o">620.112 SHA</subfield>
    <subfield code="p">B-613605</subfield>
    <subfield code="r">2016-02-10 00:00:00</subfield>
    <subfield code="t">1</subfield>
    <subfield code="v">525.00</subfield>
    <subfield code="y">EN</subfield>
  </datafield>
  <datafield tag="952" ind1=" " ind2=" ">
    <subfield code="0">0</subfield>
    <subfield code="1">0</subfield>
    <subfield code="4">0</subfield>
    <subfield code="7">0</subfield>
    <subfield code="8">NFIC</subfield>
    <subfield code="a">ZLS</subfield>
    <subfield code="b">ZLS</subfield>
    <subfield code="d">2016-02-10</subfield>
    <subfield code="e">TZ-15261-D/24.9.2015/144/16.9.2015/4.11.2015</subfield>
    <subfield code="g">525.00</subfield>
    <subfield code="l">1</subfield>
    <subfield code="o">620.112 SHA</subfield>
    <subfield code="p">B-613606</subfield>
    <subfield code="r">2020-10-17 00:00:00</subfield>
    <subfield code="s">2020-10-03</subfield>
    <subfield code="t">2</subfield>
    <subfield code="v">525.00</subfield>
    <subfield code="y">EN</subfield>
  </datafield>
  <datafield tag="952" ind1=" " ind2=" ">
    <subfield code="0">0</subfield>
    <subfield code="1">0</subfield>
    <subfield code="4">0</subfield>
    <subfield code="7">0</subfield>
    <subfield code="8">NFIC</subfield>
    <subfield code="a">RC</subfield>
    <subfield code="b">RC</subfield>
    <subfield code="d">2016-02-10</subfield>
    <subfield code="e">TZ-15261-D/24.9.2015/144/16.9.2015/4.11.2015</subfield>
    <subfield code="g">525.00</subfield>
    <subfield code="l">0</subfield>
    <subfield code="o">620.112 SHA</subfield>
    <subfield code="p">B-613607</subfield>
    <subfield code="r">2016-02-10 00:00:00</subfield>
    <subfield code="t">2</subfield>
    <subfield code="v">525.00</subfield>
    <subfield code="y">EN</subfield>
  </datafield>
  <datafield tag="952" ind1=" " ind2=" ">
    <subfield code="0">0</subfield>
    <subfield code="1">0</subfield>
    <subfield code="4">0</subfield>
    <subfield code="7">0</subfield>
    <subfield code="8">NFIC</subfield>
    <subfield code="a">RC4</subfield>
    <subfield code="b">RC4</subfield>
    <subfield code="d">2016-02-10</subfield>
    <subfield code="e">TZ-15261-D/24.9.2015/144/16.9.2015/4.11.2015</subfield>
    <subfield code="g">525.00</subfield>
    <subfield code="l">0</subfield>
    <subfield code="o">620.112 SHA</subfield>
    <subfield code="p">B-613608</subfield>
    <subfield code="r">2016-02-10 00:00:00</subfield>
    <subfield code="t">3</subfield>
    <subfield code="v">525.00</subfield>
    <subfield code="y">EN</subfield>
  </datafield>
  <datafield tag="952" ind1=" " ind2=" ">
    <subfield code="0">0</subfield>
    <subfield code="1">5</subfield>
    <subfield code="4">0</subfield>
    <subfield code="7">0</subfield>
    <subfield code="8">NFIC</subfield>
    <subfield code="a">RC4</subfield>
    <subfield code="b">RC4</subfield>
    <subfield code="d">2016-02-10</subfield>
    <subfield code="e">TZ-15261-D/24.9.2015/144/16.9.2015/4.11.2015</subfield>
    <subfield code="g">525.00</subfield>
    <subfield code="l">0</subfield>
    <subfield code="o">620.112 SHA</subfield>
    <subfield code="p">B-613609</subfield>
    <subfield code="r">2016-02-10 00:00:00</subfield>
    <subfield code="t">3</subfield>
    <subfield code="v">525.00</subfield>
    <subfield code="y">EN</subfield>
  </datafield>
  <datafield tag="952" ind1=" " ind2=" ">
    <subfield code="0">0</subfield>
    <subfield code="1">0</subfield>
    <subfield code="4">0</subfield>
    <subfield code="7">0</subfield>
    <subfield code="8">NFIC</subfield>
    <subfield code="a">RC4</subfield>
    <subfield code="b">RC4</subfield>
    <subfield code="d">2016-02-10</subfield>
    <subfield code="e">TZ-15261-D/24.9.2015/144/16.9.2015/4.11.2015</subfield>
    <subfield code="g">525.00</subfield>
    <subfield code="l">0</subfield>
    <subfield code="o">620.112 SHA</subfield>
    <subfield code="p">B-613610</subfield>
    <subfield code="r">2016-02-10 00:00:00</subfield>
    <subfield code="t">3</subfield>
    <subfield code="v">525.00</subfield>
    <subfield code="y">EN</subfield>
  </datafield>
  <datafield tag="952" ind1=" " ind2=" ">
    <subfield code="0">0</subfield>
    <subfield code="1">0</subfield>
    <subfield code="4">0</subfield>
    <subfield code="7">0</subfield>
    <subfield code="8">NFIC</subfield>
    <subfield code="a">BL1</subfield>
    <subfield code="b">BL1</subfield>
    <subfield code="d">2016-02-18</subfield>
    <subfield code="e">DBAD/PUB</subfield>
    <subfield code="g">525.00</subfield>
    <subfield code="l">0</subfield>
    <subfield code="o">620.112 SHA</subfield>
    <subfield code="p">EN-98485</subfield>
    <subfield code="r">2016-02-18 00:00:00</subfield>
    <subfield code="t">1</subfield>
    <subfield code="v">525.00</subfield>
    <subfield code="y">EN</subfield>
  </datafield>
  <datafield tag="952" ind1=" " ind2=" ">
    <subfield code="0">0</subfield>
    <subfield code="1">0</subfield>
    <subfield code="4">0</subfield>
    <subfield code="7">0</subfield>
    <subfield code="8">NFIC</subfield>
    <subfield code="a">AV</subfield>
    <subfield code="b">AV</subfield>
    <subfield code="d">2017-07-13</subfield>
    <subfield code="e">BPPD/EN/2015-16/AV/16-17/407/15.2.2017/17434/24.2.2017/ 18.3.2017</subfield>
    <subfield code="g">639.00</subfield>
    <subfield code="l">1</subfield>
    <subfield code="o">620.112 SHA</subfield>
    <subfield code="p">B-668018</subfield>
    <subfield code="r">2018-10-04 00:00:00</subfield>
    <subfield code="s">2018-10-03</subfield>
    <subfield code="t">1</subfield>
    <subfield code="v">639.00</subfield>
    <subfield code="w">2017-07-13</subfield>
    <subfield code="y">EN</subfield>
  </datafield>
</record>
